| 000 | 01146cam a2200325Ia 4500 | ||
|---|---|---|---|
| 999 |
_c4855 _d4855 |
||
| 001 | 12596313 | ||
| 003 | OSt | ||
| 005 | 20181217120710.0 | ||
| 008 | 850924s1973 miu b 001 0 eng d | ||
| 010 | _a54012695 | ||
| 020 | _a0802821820 | ||
| 040 |
_aGFC _cGFC _dm/c _dMAL |
||
| 082 |
_aREF 226.6 _bB886C |
||
| 090 |
_aBS2625.3 _b.B72 1973 |
||
| 092 | _a226.6 | ||
| 092 |
_a226.6077 _bB83c |
||
| 100 | 1 |
_aBruce, F. F. _q(Frederick Fyvie), _d1910-1990. |
|
| 245 | 1 | 0 |
_aCommentary on the book of the Acts : _bthe English text, with introduction, exposition, and notes / _cby F.F. Bruce. |
| 260 |
_aGrand Rapids, Mich. : _bWm. B. Eerdmans, _c[1973?] |
||
| 300 |
_a555 p. ; _c22 cm. |
||
| 490 | 1 | _aThe New international commentary on the New Testament. | |
| 500 | _a"New edition"--Pref. | ||
| 500 | _a"Fourteenth printing, January 1979." | ||
| 500 | _aOriginally published in 1954. | ||
| 504 | _aIncludes bibliographical references and indexes. | ||
| 630 | 0 | 0 |
_aBible. _pActs _vCommentaries. |
| 730 | 0 |
_aBible. _pActs. _lEnglish. _sAmerican Standard. _f1973. |
|
| 830 | 0 | _aNew international commentary on the New Testament. | |
| 942 |
_2ddc _cREF |
||